Získa hybridné vzdelávanie stabilnú pozíciu v edukačnom systéme?

Hlavným cieľom príspevku je objasniť potenciál hybridného vzdelávania, definovať tento pojem, objektívne prezentovať hybridné vzdelávanie ako nástroj vzdelávania používaný aj v období mimo krízy (prostredníctvom identifikácie jeho pozitív a negatív) a prezentovať výsledky výskumu orientovaného konkr...

Descrizione completa

Salvato in:
Dettagli Bibliografici
Autore principale: Kajanová, Jana
Altri autori: Mázorová, Henrieta
Natura: Capitolo di libro
Lingua:slovacco
Soggetti:
Tags: Aggiungi Tag
Nessun Tag, puoi essere il primo ad aggiungerne!!

MARC

LEADER 00000naa a2200000 4500
001 0294267
005 20240417075239.8
041 0 |a slo 
044 |a SK 
245 1 0 |a Získa hybridné vzdelávanie stabilnú pozíciu v edukačnom systéme?  |c Jana Kajanová, Henrieta Mázorová 
520 |a Hlavným cieľom príspevku je objasniť potenciál hybridného vzdelávania, definovať tento pojem, objektívne prezentovať hybridné vzdelávanie ako nástroj vzdelávania používaný aj v období mimo krízy (prostredníctvom identifikácie jeho pozitív a negatív) a prezentovať výsledky výskumu orientovaného konkrétne na hybridné vzdelávanie. Inovácie vo vzdelávaní. 
610 2 0 |a vzdelávanie 
610 2 0 |a vzdelávanie elektronické 
610 2 0 |a vzdelávanie dištančné 
610 2 0 |a technológie informačné 
610 2 0 |a technológie komunikačné 
610 2 0 |a digitalizácia 
610 2 0 |a inovácia 
610 2 0 |a pandémia 
610 2 0 |a koronavírus 
100 1 |a Kajanová, Jana 
700 1 |a Mázorová, Henrieta